Nenne eine Mittelstadt A-Z - Statistiken

Allgemein
  • Dieses Quiz wurde 108 mal gespielt
  • Das Durchschnittsergebnis liegt bei 21 aus 25
Antwortstatistiken
A-Z # Mittelstadt % Korrekt
B 62 Backnang | Baden-Baden | Bad Hersfeld | Bad Homburg vor der Höhe | Bad Honnef | Bad Kissingen | Bad Kreuznach | Bad Krozingen | Bad Mergentheim | Bad Nauheim | Bad Neuenahr-Ahrweiler | Bad Oeynhausen | Bad Oldesloe | Bad Rappenau | Bad Salzuflen | Bad Salzungen | Bad Soden am Taunus | Bad Vilbel | Bad Waldsee | Bad Zwischenahn | Baesweiler | Balingen | Bamberg | Barsinghausen | Baunatal | Bautzen | Bayreuth | Beckum | Bedburg | Bensheim | Bergheim | Bergkamen | Bernau bei Berlin | Bernburg (Saale) | Biberach an der Riß | Bietigheim-Bissingen | Bingen am Rhein | Bitterfeld-Wolfen | Blankenfelde-Mahlow | Blieskastel | Böblingen | Bocholt | Borken | Borna | Bornheim | Bramsche | Brandenburg an der Havel | Bretten | Brilon | Bruchköbel | Bruchsal | Brühl | Buchholz in der Nordheide | Büdingen | Bühl | Bünde | Büren | Burg | Burgdorf | Burgwedel | Butzbach | Buxtehude
96%
A/Ä 21 Aalen | Achern | Achim | Ahaus | Ahlen | Ahrensburg | Aichach | Albstadt | Alfter | Alsdorf | Altenburg | Amberg | Andernach | Ansbach | Apolda | Arnsberg | Arnstadt | Aschaffenburg | Aschersleben | Attendorn | Aurich
94%
G 40 Gaggenau | Ganderkesee | Garbsen | Gardelegen | Garmisch-Partenkirchen | Gauting | Geesthacht | Geestland | Geilenkirchen | Geislingen an der Steige | Geldern | Gelnhausen | Georgsmarienhütte | Gera | Geretsried | Germering | Germersheim | Gersthofen | Geseke | Gevelsberg | Gießen | Gifhorn | Gladbeck | Glauchau | Goch | Göppingen | Görlitz | Goslar | Gotha | Greifswald | Greven | Grevenbroich | Griesheim | Grimma | Gronau (Westf.) | Groß-Gerau | Groß-Umstadt | Gummersbach | Günzburg | Güstrow
92%
H 44 Haan | Haar | Halberstadt | Halle (Westf.) | Haltern am See | Hameln | Hamminkeln | Hanau | Hann. Münden | Haren (Ems) | Harsewinkel | Haßloch | Hattersheim am Main | Hattingen | Heide | Heidenheim an der Brenz | Heiligenhaus | Heinsberg | Helmstedt | Hemer | Hennef (Sieg) | Hennigsdorf | Henstedt-Ulzburg | Heppenheim (Bergstraße) | Herborn | Herdecke | Herford | Herrenberg | Herten | Herzogenaurach | Herzogenrath | Hilden | Hockenheim | Hof | Hofheim am Taunus | Hohen Neuendorf | Homburg | Horb am Neckar | Hörstel | Höxter | Hoyerswerda | Hückelhoven | Hürth | Husum
92%
C 10 Calw | Castrop-Rauxel | Celle | Cloppenburg | Coburg | Coesfeld | Coswig | Cottbus | Crailsheim | Cuxhaven
89%
D 22 Dachau | Datteln | Deggendorf | Delbrück | Delitzsch | Delmenhorst | Dessau-Roßlau | Detmold | Dietzenbach | Dillenburg | Dillingen (Saar) | Dingolfing | Dinslaken | Ditzingen | Döbeln | Donaueschingen | Dormagen | Dorsten | Dreieich | Duderstadt | Dülmen | Düren
88%
E 29 Eberswalde | Eckernförde | Edewecht | Ehingen (Donau) | Einbeck | Eisenach | Eisenhüttenstadt | Eisleben | Eislingen/Fils | Ellwangen (Jagst) | Elmshorn | Elsdorf | Emden | Emmendingen | Emmerich am Rhein | Emsdetten | Enger | Ennepetal | Eppingen | Erding | Erftstadt | Erkelenz | Erkrath | Eschborn | Eschweiler | Espelkamp | Esslingen am Neckar | Ettlingen | Euskirchen
88%
L 42 Laatzen | Lage | Lahr/Schwarzwald | Lampertheim | Landau in der Pfalz | Landsberg am Lech | Landshut | Langen | Langenfeld (Rheinland) | Langenhagen | Lauf an der Pegnitz | Laupheim | Leer | Lehrte | Leichlingen (Rheinland) | Leimen | Leinfelden-Echterdingen | Lemgo | Lengerich | Lennestadt | Leonberg | Leutkirch im Allgäu | Lichtenfels | Lilienthal | Limbach-Oberfrohna | Limburg an der Lahn | Lindau (Bodensee) | Lindlar | Lingen (Ems) | Lippstadt | Lohmar | Löhne | Lohne (Oldenburg) | Lörrach | Lübbecke | Luckenwalde | Lüdenscheid | Lüdinghausen | Ludwigsburg | Ludwigsfelde | Lüneburg | Lünen
88%
F 22 Falkensee | Fellbach | Filderstadt | Flensburg | Flörsheim am Main | Forchheim | Frankenthal (Pfalz) | Frankfurt (Oder) | Frechen | Freiberg | Freising | Freital | Freudenstadt | Friedberg | Friedberg (Hessen) | Friedrichsdorf | Friedrichshafen | Friesoythe | Fröndenberg/Ruhr | Fulda | Fürstenfeldbruck | Fürstenwalde/Spree
87%
M 31 Maintal | Marburg | Markkleeberg | Marl | Mechernich | Meckenheim | Meerbusch | Meinerzhagen | Meiningen | Meißen | Melle | Memmingen | Menden (Sauerland) | Meppen | Merseburg | Merzig | Meschede | Mettmann | Metzingen | Minden | Monheim am Rhein | Moormerland | Moosburg an der Isar | Mörfelden-Walldorf | Mosbach | Mössingen | Mühlacker | Mühldorf am Inn | Mühlhausen/Thüringen | Mühlheim am Main | Müllheim im Markgräflerland
86%
P 15 Panketal | Papenburg | Passau | Peine | Petershagen | Pfaffenhofen an der Ilm | Pfungstadt | Pinneberg | Pirmasens | Pirna | Plauen | Plettenberg | Porta Westfalica | Puchheim | Pulheim
83%
N 34 Nagold | Naumburg (Saale) | Neckarsulm | Netphen | Nettetal | Neubrandenburg | Neuburg an der Donau | Neufahrn bei Freising | Neu-Isenburg | Neukirchen-Vluyn | Neumarkt in der Oberpfalz | Neumünster | Neunkirchen | Neunkirchen-Seelscheid | Neuruppin | Neusäß | Neustadt am Rübenberge | Neustadt an der Weinstraße | Neustrelitz | Neu-Ulm | Neuwied | Neu Wulmstorf | Nidderau | Niederkassel | Nienburg (Weser) | Norden | Nordenham | Norderstedt | Nordhausen | Nordhorn | Nördlingen | Northeim | Nottuln | Nürtingen
82%
R 33 Radebeul | Radevormwald | Radolfzell am Bodensee | Rastatt | Rastede | Rathenow | Ratingen | Ravensburg | Rees | Reinbek | Remseck am Neckar | Rendsburg | Rheda-Wiedenbrück | Rheinbach | Rheinberg | Rheine | Rheinfelden (Baden) | Rheinstetten | Riedstadt | Riesa | Riedberg | Rinteln | Rödermark | Rodgau | Ronnenberg | Rosenheim | Rösrath | Rotenburg (Wümme) | Roth | Rottenburg am Neckar | Rottweil | Rudolstadt | Rüsselsheim am Main
82%
S 66 Saalfeld/Saale | Saarlouis | Salzkotten | Salzwedel | Sangerhausen | Sankt Augustin | Schifferstadt | Schleswig | Schloß Holte-Stukenbrock | Schmallenberg | Schönebeck | Schopfheim | Schorndorf | Schortens | Schramberg | Schwabach | Schwäbisch Gmünd | Schwäbisch Hall | Schwandorf | Schwedt/Oder | Schweinfurt | Schwelm | Schwerin | Schwerte | Schwetzingen | Seelze | Seevetal | Sehnde | Seligenstadt | Selm | Senden | Senden | Senftenberg | Siegburg | Sindelfingen | Singen (Hohentwiel) | Sinsheim | Soest | Soltau | Sondershausen | Sonneberg | Sonthofen | Speyer | Spremberg | Springe | Sprockhövel | St. Ingbert | St. Wendel | Stade | Stadtallendorf | Stadthagen | Stadtlohn | Starnberg | Staßfurt | Steinfurt | Steinhagen | Stendal | Stolberg (Rheinland) | Stralsund | Straubing | Strausberg | Stuhr | Stutensee | Suhl | Sundern (Sauerland) | Syke
82%
Z 8 Zeitz | Zerbst/Anhalt | Zirndorf | Zittau | Zossen | Zülpich | Zweibrücken | Zwickau
82%
K 27 Kaarst | Kaltenkirchen | Kamen | Kamp-Lintfort | Karben | Karlsfeld | Kaufbeuren | Kehl | Kelkheim (Taunus) | Kempen | Kempten | Kerpen | Kevelaer | Kirchheim unter Teck | Kitzingen | Kleve | Königs Wusterhausen | Königsbrunn | Königswinter | Konstanz | Korbach | Kornwestheim | Korschenbroich | Köthen (Anhalt) | Kreuztal | Kulmbach | Kürten
81%
X 1 Xanten
81%
Q 2 Quedlinburg | Quickborn
80%
W 59 Wachtberg | Waghäusel | Waiblingen | Waldkirch | Waldkraiburg | Waldshut-Tiengen | Wallenhorst | Walsrode | Waltrop | Wandlitz | Wangen im Allgäu | Warburg | Waren (Müritz) | Warendorf | Warstein | Wedel | Wedemark | Wegberg | Weiden in der Oberpfalz | Weil am Rhein | Weilheim in Oberbayern | Weimar | Weingarten | Weinheim | Weinstadt | Weißenfels | Weiterstadt | Werdau | Werder (Havel) | Werl | Wermelskirchen | Werne | Wernigerode | Wertheim | Wesel | Wesseling | Westerstede | Westoverledingen | Wetter (Ruhr) | Wetzlar | Weyhe | Wiehl | Wiesloch | Wildeshausen | Wilhelmshaven | Willich | Wilnsdorf | Winnenden | Winsen (Luhe) | Wipperfürth | Wismar | Witten | Wittenberg | Wittmund | Wolfenbüttel | Worms | Wülfrath | Wunstorf | Würselen
80%
I 9 Ibbenbüren | Idar-Oberstein | Idstein | Ilmenau | Ilsede | Ingelheim am Rhein | Iserlohn | Isernhagen | Itzehoe
78%
V 14 Vaihingen an der Enz | Varel | Vaterstetten | Vechta | Velbert | Verden (Aller) | Verl | Versmold | Viernheim | Viersen | Villingen-Schwenningen | Voerde (Niederrhein) | Völklingen | Vreden
78%
T 10 Taunusstein | Telgte | Teltow | Tettnang | Tönisvorst | Traunreut | Traunstein | Troisdorf | Tübingen | Tuttlingen
77%
O/Ö 15 Obertshausen | Oberursel (Taunus) | Ochtrup | Oelde | Oer-Erkenschwick | Offenburg | Öhringen | Olching | Olpe | Oranienburg | Osterholz-Scharmbeck | Osterode am Harz | Ostfildern | Ottobrunn | Overath
71%
U/Ü 7 Übach-Palenberg | Überlingen | Uelzen | Uetze | Unna | Unterhaching | Unterschleißheim
67%
J 2 Jüchen | Jülich
48%
Keine übereinstimmenden Quizze gefunden
Verteilung der Resultate
Anzahl Personen mit jedem Resultat
Perzentil nach korrekt beantworteten Fragen
Ihre Resultats-Entwicklung
Sie haben dieses Quiz noch nicht gespielt